[Event "Madrid-chT 2223"]
[Site "Madrid"]
[Date "2023.03.11"]
[Round "13.4"]
[White "Jimenez Lopez, Antonio"]
[Black "Gutierrez Diaz, Pablo"]
[Result "1/2-1/2"]
[WhiteElo "2236"]
[BlackElo "1966"]
[PlyCount "110"]
[EventDate "2022.11.20"]
[EventType "team-tourn"]
[EventRounds "14"]
[EventCountry "ESP"]
[SourceTitle "Ajedrez en Madrid"]
[Source "lmi"]
[SourceDate "2022.11.21"]
[SourceVersion "1"]
[SourceVersionDate "2023.03.23"]
[SourceQuality "1"]
[WhiteTeam "San Fernando de Henares"]
[BlackTeam "Villalba 64"]
[WhiteTeamCountry "ESP"]
[BlackTeamCountry "ESP"]

1. e4 c5 2. Nf3 Nc6 3. d4 cxd4 4. Nxd4 g6 5. Nc3 Bg7 6. Be3 Nf6 7. Bc4 O-O 8.
Bb3 d6 9. f3 Bd7 10. Qd2 Rc8 11. O-O-O Ne5 12. Kb1 Nc4 13. Bxc4 Rxc4 14. b3 Rc8
15. Nd5 Re8 16. h4 Nxd5 17. exd5 Qc7 18. h5 Qc3 19. hxg6 fxg6 20. Rhe1 Rc5 21.
Qxc3 Rxc3 22. Bg5 Be5 23. f4 Bf6 24. Bxf6 exf6 25. Rxe8+ Bxe8 26. Kb2 Rg3 27.
Rd2 Bd7 28. c4 Kf7 29. b4 Rg4 30. Rf2 Rg3 31. Nf3 Bf5 32. Kc3 Ke7 33. Kd4 Kd7
34. c5 g5 35. fxg5 fxg5 36. cxd6 Rg4+ 37. Ke5 Bg6 38. a3 Rf4 39. Re2 Rf5+ 40.
Kd4 Rf4+ 41. Ke5 Rf5+ 42. Kd4 Rf4+ 43. Kc3 Kxd6 44. Nxg5 Rg4 45. Nf3 Be4 46.
Rd2 Bxd5 47. Ne1 Rg3+ 48. Kd4 Rxa3 49. Nd3 Ra2 50. Nb2 b5 51. g4 Ra3 52. Rh2
Rg3 53. Rxh7 Rxg4+ 54. Kc3 Rg3+ 55. Kd4 Rg4+ 1/2-1/2

[Event "Madrid-chT 2223"]
[Site "Madrid"]
[Date "2023.03.11"]
[Round "13.5"]
[White "Blasco de la Cruz, Luis"]
[Black "Gallego Bergada, Antoni"]
[Result "0-1"]
[WhiteElo "1880"]
[BlackElo "2138"]
[PlyCount "84"]
[EventDate "2022.11.20"]
[EventType "team-tourn"]
[EventRounds "14"]
[EventCountry "ESP"]
[SourceTitle "Ajedrez en Madrid"]
[Source "lmi"]
[SourceDate "2022.11.21"]
[SourceVersion "1"]
[SourceVersionDate "2023.03.23"]
[SourceQuality "1"]
[WhiteTeam "Villalba 64"]
[BlackTeam "San Fernando de Henares"]
[WhiteTeamCountry "ESP"]
[BlackTeamCountry "ESP"]

1. e4 c5 2. Nf3 d6 3. c4 Nc6 4. Be2 g6 5. O-O Bg7 6. Nc3 Nf6 7. d4 cxd4 8. Nxd4
Nxd4 9. Qxd4 O-O 10. Qd3 Be6 11. Be3 Nd7 12. b3 Nc5 13. Qc2 f5 14. Bxc5 dxc5
15. Rad1 Qa5 16. Nd5 Bxd5 17. exd5 Rad8 18. Bf3 Rd6 19. Rfe1 Bf6 20. Re2 Kg7
21. g3 a6 22. Rde1 Qc7 23. Re6 Rfd8 24. a4 R8d7 25. R1e2 Qb6 26. Rxd6 Rxd6 27.
h4 Qb4 28. Kg2 b5 29. axb5 axb5 30. Re6 Rxe6 31. dxe6 Bd4 32. Bd5 bxc4 33. bxc4
Qe1 34. h5 Kf6 35. hxg6 hxg6 36. Qa2 g5 37. Qc2 g4 38. Qa2 Kg5 39. Qc2 f4 40.
gxf4+ Kxf4 41. Qa2 g3 42. Qc2 gxf2 0-1

[Event "Madrid-chT 2223"]
[Site "Madrid"]
[Date "2023.03.11"]
[Round "13.6"]
[White "Romero Fite, Miguel"]
[Black "Suarez Paz, Alfonso"]
[Result "1/2-1/2"]
[WhiteElo "1987"]
[BlackElo "1787"]
[PlyCount "55"]
[EventDate "2022.11.20"]
[EventType "team-tourn"]
[EventRounds "14"]
[EventCountry "ESP"]
[SourceTitle "Ajedrez en Madrid"]
[Source "lmi"]
[SourceDate "2022.11.21"]
[SourceVersion "1"]
[SourceVersionDate "2023.03.23"]
[SourceQuality "1"]
[WhiteTeam "San Fernando de Henares"]
[BlackTeam "Villalba 64"]
[WhiteTeamCountry "ESP"]
[BlackTeamCountry "ESP"]

1. d4 d5 2. c4 c6 3. Nf3 Nf6 4. Nc3 dxc4 5. a4 Bf5 6. Ne5 Nbd7 7. Nxc4 e6 8. f3
Nb6 9. e4 Bg6 10. Be3 Nxc4 11. Bxc4 Be7 12. O-O O-O 13. a5 h6 14. Qe2 Bb4 15.
a6 b6 16. Rfd1 Qc7 17. Bb3 Bxc3 18. bxc3 Rac8 19. c4 Rfe8 20. e5 Nd7 21. f4 Nf8
22. Rac1 Qe7 23. Qf3 Qb4 24. Bf2 Bh5 25. Qxh5 Qxb3 26. Qe2 Qa3 27. c5 b5 28.
Ra1 1/2-1/2

[Event "Madrid-chT 2223"]
[Site "Madrid"]
[Date "2023.03.12"]
[Round "13.2"]
[White "Fernandez Lledo, Javier"]
[Black "Rottenwohrer Suarez, Juan"]
[Result "1-0"]
[WhiteElo "2252"]
[BlackElo "2299"]
[PlyCount "93"]
[EventDate "2022.11.20"]
[EventType "team-tourn"]
[EventRounds "14"]
[EventCountry "ESP"]
[SourceTitle "Ajedrez en Madrid"]
[Source "lmi"]
[SourceDate "2022.11.21"]
[SourceVersion "1"]
[SourceVersionDate "2023.03.23"]
[SourceQuality "1"]
[WhiteTeam "Alcala de Henares"]
[BlackTeam "San Sebastian de los Reyes"]
[WhiteTeamCountry "ESP"]
[BlackTeamCountry "ESP"]

1. e4 c5 2. Nc3 Nc6 3. Bb5 Nd4 4. Bc4 e6 5. Nge2 Ne7 6. Nxd4 cxd4 7. Ne2 Nc6 8.
O-O Bc5 9. Ng3 O-O 10. d3 d5 11. exd5 exd5 12. Bb3 Na5 13. f4 Nxb3 14. axb3 f5
15. Qf3 Be6 16. Bd2 Rc8 17. Rfe1 Qd7 18. Qf2 Qf7 19. Ne2 Qf6 20. Ra4 Bd7 21.
Raa1 Rfe8 22. Kf1 a6 23. Ng1 Ba7 24. Bb4 Qc6 25. Rac1 Qh6 26. h3 Bb5 27. Rxe8+
Bxe8 28. Ne2 Qb6 29. Ba3 Bh5 30. Ng3 Bg6 31. Re1 Qc7 32. Re5 Qd7 33. Re7 Qc6
34. Bb4 h6 35. h4 Qf6 36. h5 Bf7 37. Re5 Bb8 38. Nxf5 Kh7 39. Be7 Qb6 40. Qg3
g6 41. Nd6 Bxd6 42. hxg6+ Bxg6 43. Re6 Rg8 44. Bxd6 Qc6 45. Re7+ Rg7 46. f5 Bf7
47. Rxf7 1-0

[Event "Madrid-chT 2223"]
[Site "Madrid"]
[Date "2023.03.12"]
[Round "13.3"]
[White "Alfaya Marcelo, Roberto"]
[Black "Medina Diaz, Rafael Alejandro"]
[Result "0-1"]
[WhiteElo "2245"]
[BlackElo "2261"]
[PlyCount "82"]
[EventDate "2022.11.20"]
[EventType "team-tourn"]
[EventRounds "14"]
[EventCountry "ESP"]
[SourceTitle "Ajedrez en Madrid"]
[Source "lmi"]
[SourceDate "2022.11.21"]
[SourceVersion "1"]
[SourceVersionDate "2023.03.23"]
[SourceQuality "1"]
[WhiteTeam "San Sebastian de los Reyes"]
[BlackTeam "Alcala de Henares"]
[WhiteTeamCountry "ESP"]
[BlackTeamCountry "ESP"]

1. d4 d5 2. c4 c6 3. Nf3 Nf6 4. e3 e6 5. b3 c5 6. Bd3 cxd4 7. exd4 Nc6 8. Bb2
Bb4+ 9. Nbd2 O-O 10. O-O dxc4 11. bxc4 b6 12. Rc1 Bb7 13. Bb1 Re8 14. Qc2 g6
15. Rfd1 Rc8 16. Ne4 Be7 17. Neg5 Nh5 18. Nxf7 Kxf7 19. d5 exd5 20. Rxd5 Nb4
21. Ne5+ Kg8 22. Rxd8 Nxc2 23. Rxe8+ Rxe8 24. Bxc2 Nf4 25. Ba4 Ne2+ 26. Kf1
Nxc1 27. Bxe8 Nxa2 28. Bc6 Bc8 29. Bd5+ Kf8 30. Nc6 Nb4 31. Nxa7 Ba6 32. Be6
Nd3 33. Bd4 Nf4 34. Bd7 Bxc4+ 35. Ke1 Bb4+ 36. Kd1 Bb3+ 37. Kc1 Ne2+ 38. Kb2
Nxd4 39. Nb5 Ba4 40. Nxd4 Bxd7 41. Kb3 Bc5 0-1

[Event "Madrid-chT 2223"]
[Site "Madrid"]
[Date "2023.03.12"]
[Round "13.4"]
[White "Moreno Ibañez, Miguel"]
[Black "Reyes Peñas, Sebastian"]
[Result "1/2-1/2"]
[WhiteElo "2242"]
[BlackElo "2191"]
[PlyCount "58"]
[EventDate "2022.11.20"]
[EventType "team-tourn"]
[EventRounds "14"]
[EventCountry "ESP"]
[SourceTitle "Ajedrez en Madrid"]
[Source "lmi"]
[SourceDate "2022.11.21"]
[SourceVersion "1"]
[SourceVersionDate "2023.03.23"]
[SourceQuality "1"]
[WhiteTeam "Alcala de Henares"]
[BlackTeam "San Sebastian de los Reyes"]
[WhiteTeamCountry "ESP"]
[BlackTeamCountry "ESP"]

1. Nf3 Nf6 2. b3 d5 3. Bb2 g6 4. c4 c6 5. g3 Bg7 6. Bg2 O-O 7. O-O dxc4 8. bxc4
c5 9. d4 Nfd7 10. e3 Nb6 11. Qb3 cxd4 12. Bxd4 Nc6 13. Rd1 Nxd4 14. Nxd4 Qc7
15. Na3 Nd7 16. Rab1 Nc5 17. Qb4 a6 18. Nc6 bxc6 19. Qxc5 Bg4 20. Rd2 Rfd8 21.
Rxd8+ Rxd8 22. h3 Rd1+ 23. Kh2 Rxb1 24. Nxb1 Be6 25. Nd2 Qd7 26. Nb3 Qd6 27.
Qxd6 exd6 28. c5 Bxb3 29. axb3 d5 1/2-1/2

[Event "Madrid-chT 2223"]
[Site "Madrid"]
[Date "2023.03.12"]
[Round "13.5"]
[White "Martinez Fernandez, Raul"]
[Black "Yañez Rodriguez, Wilbert"]
[Result "1-0"]
[WhiteElo "2255"]
[BlackElo "2103"]
[PlyCount "51"]
[EventDate "2022.11.20"]
[EventType "team-tourn"]
[EventRounds "14"]
[EventCountry "ESP"]
[SourceTitle "Ajedrez en Madrid"]
[Source "lmi"]
[SourceDate "2022.11.21"]
[SourceVersion "1"]
[SourceVersionDate "2023.03.23"]
[SourceQuality "1"]
[WhiteTeam "San Sebastian de los Reyes"]
[BlackTeam "Alcala de Henares"]
[WhiteTeamCountry "ESP"]
[BlackTeamCountry "ESP"]

1. e4 c5 2. Nf3 g6 3. d4 cxd4 4. Nxd4 Nc6 5. c4 Nf6 6. Nc3 d6 7. Be2 Nxd4 8.
Qxd4 Bg7 9. Be3 O-O 10. Qd3 Qa5 11. O-O Be6 12. Bd4 Rfc8 13. b3 a6 14. f4 Nd7
15. f5 Ne5 16. Qe3 Bd7 17. Nd5 Qd8 18. Nb6 Bc6 19. Rad1 Rab8 20. Nxc8 Qxc8 21.
fxg6 hxg6 22. Qf4 Qe6 23. c5 dxc5 24. Bc4 Qf6 25. Bxe5 Qxe5 26. Qxf7+ 1-0

[Event "Madrid-chT 2223"]
[Site "Madrid"]
[Date "2023.03.12"]
[Round "13.6"]
[White "Candela Martin, Alvaro"]
[Black "Hernandez Ramos, David"]
[Result "1/2-1/2"]
[WhiteElo "1897"]
[BlackElo "2096"]
[PlyCount "119"]
[EventDate "2022.11.20"]
[EventType "team-tourn"]
[EventRounds "14"]
[EventCountry "ESP"]
[SourceTitle "Ajedrez en Madrid"]
[Source "lmi"]
[SourceDate "2022.11.21"]
[SourceVersion "1"]
[SourceVersionDate "2023.03.23"]
[SourceQuality "1"]
[WhiteTeam "Alcala de Henares"]
[BlackTeam "San Sebastian de los Reyes"]
[WhiteTeamCountry "ESP"]
[BlackTeamCountry "ESP"]

1. e4 e6 2. d4 d5 3. Nd2 dxe4 4. Nxe4 Nd7 5. Nf3 Ngf6 6. Nxf6+ Nxf6 7. Bd3 c5
8. O-O cxd4 9. Nxd4 Bc5 10. Nb3 Bd6 11. Bg5 Qc7 12. Bxf6 gxf6 13. Qh5 Bd7 14.
c3 O-O-O 15. Nd4 Rdg8 16. Bb5 Rg5 17. Bxd7+ Qxd7 18. Qf3 Rhg8 19. g3 h5 20.
Rad1 h4 21. Ne2 Qc7 22. Rd3 Rf5 23. Qe3 Bc5 24. Qd2 hxg3 25. Nxg3 Rfg5 26. b4
Bb6 27. c4 Qe5 28. c5 Bc7 29. f4 Rxg3+ 30. Rxg3 Rxg3+ 31. hxg3 Qf5 32. Rd1 e5
33. Qh2 b5 34. Qh8+ Kb7 35. Qe8 a6 36. Qxf7 Qg4 37. Qd5+ Ka7 38. Rd3 Kb8 39.
Qd7 Qe2 40. Rd2 Qe3+ 41. Kg2 exf4 42. gxf4 Qe4+ 43. Kf1 Qxf4+ 44. Ke2 Qe4+ 45.
Kd1 Qb1+ 46. Ke2 Qxb4 47. Qd4 Qb1 48. Qxf6 Qe4+ 49. Kf2 Bg3+ 50. Kxg3 Qe3+ 51.
Kg4 Qxd2 52. Qb6+ Kc8 53. Qxa6+ Kc7 54. Qb6+ Kc8 55. c6 Qe2+ 56. Kf4 Qc4+ 57.
Ke5 Qe2+ 58. Kd6 Qd3+ 59. Ke6 Qe4+ 60. Kd6 1/2-1/2

[Event "Madrid-chT 2223"]
[Site "Madrid"]
[Date "2023.03.12"]
[Round "13.1"]
[White "Vazquez Torres, Adrian"]
[Black "Vazquez Igarza, Renier"]
[Result "1-0"]
[WhiteElo "2188"]
[BlackElo "2540"]
[PlyCount "101"]
[EventDate "2022.11.20"]
[EventType "team-tourn"]
[EventRounds "14"]
[EventCountry "ESP"]
[SourceTitle "Ajedrez en Madrid"]
[Source "lmi"]
[SourceDate "2022.11.21"]
[SourceVersion "1"]
[SourceVersionDate "2023.03.23"]
[SourceQuality "1"]
[WhiteTeam "Virgen de Atocha"]
[BlackTeam "Collado Villalba"]
[WhiteTeamCountry "ESP"]
[BlackTeamCountry "ESP"]

1. e4 e5 2. Nf3 Nc6 3. Bb5 a6 4. Ba4 Nf6 5. O-O Be7 6. Re1 b5 7. Bb3 d6 8. h3
Na5 9. d4 Nxb3 10. axb3 Bb7 11. d5 O-O 12. Nbd2 c6 13. c4 cxd5 14. cxd5 Nd7 15.
g4 Qc7 16. Nf1 Rfc8 17. Ne3 g6 18. Bd2 a5 19. g5 b4 20. Rc1 Qd8 21. Ng4 Rxc1
22. Bxc1 Rc8 23. Kg2 Ba6 24. h4 Qc7 25. Nd2 h5 26. gxh6 Nc5 27. Nc4 Rf8 28. h7+
Kxh7 29. Bh6 Rg8 30. Bg5 Bxc4 31. bxc4 Kg7 32. Bh6+ Kh7 33. Qf3 f6 34. Bc1 Qd7
35. Nh6 Rg7 36. Kh2 Bd8 37. Rg1 a4 38. h5 g5 39. Nf5 Rg8 40. Be3 Bb6 41. Ng3
Qd8 42. Qf5+ Kh6 43. Ra1 b3 44. Bxc5 Bxc5 45. Rxa4 g4 46. Kg2 Qe7 47. Ra8 Qf7
48. Rxg8 Qxg8 49. Qxf6+ Kh7 50. Nf5 g3 51. Qh6# 1-0

[Event "Madrid-chT 2223"]
[Site "Madrid"]
[Date "2023.03.12"]
[Round "13.3"]
[White "Yanes Crespo, Javier"]
[Black "Lianes Garcia, Marcos"]
[Result "0-1"]
[WhiteElo "2010"]
[BlackElo "2413"]
[PlyCount "158"]
[EventDate "2022.11.20"]
[EventType "team-tourn"]
[EventRounds "14"]
[EventCountry "ESP"]
[SourceTitle "Ajedrez en Madrid"]
[Source "lmi"]
[SourceDate "2022.11.21"]
[SourceVersion "1"]
[SourceVersionDate "2023.03.23"]
[SourceQuality "1"]
[WhiteTeam "Virgen de Atocha"]
[BlackTeam "Collado Villalba"]
[WhiteTeamCountry "ESP"]
[BlackTeamCountry "ESP"]

1. e4 c6 2. c4 d5 3. exd5 cxd5 4. cxd5 Nf6 5. d4 Nxd5 6. Nf3 g6 7. Nc3 Bg7 8.
Qb3 Nxc3 9. bxc3 O-O 10. Be2 Nc6 11. O-O Qc7 12. Rd1 Na5 13. Qb4 b6 14. Bg5 Bb7
15. Rac1 Rac8 16. d5 Rfd8 17. c4 Bf6 18. Bxf6 exf6 19. Nd4 Qc5 20. Qxc5 Rxc5
21. Nb3 Nxb3 22. axb3 a5 23. f3 Kf8 24. Kf2 Ke7 25. Ke3 Kd6 26. Kd4 Re8 27. Re1
Rec8 28. Ra1 Re8 29. Bd3 Rcc8 30. Rad1 Ba6 31. Re2 Rxe2 32. Bxe2 Re8 33. Rd2
Bc8 34. h3 Bd7 35. Rb2 f5 36. Bd3 Re1 37. b4 axb4 38. Rxb4 Kc7 39. c5 bxc5+ 40.
Kxc5 Rc1+ 41. Rc4 Rd1 42. Kd4+ Kd6 43. Rb4 f4 44. Rb6+ Kc7 45. Rb2 Bf5 46. Rc2+
Kd7 47. Rc3 Rd2 48. Rb3 Kd6 49. Rb6+ Ke7 50. Rb3 Bxd3 51. Rxd3 Rxg2 52. Ke5
Rg5+ 53. Kxf4 Rh5 54. Kg4 Kd6 55. Rd4 h6 56. Rf4 Rg5+ 57. Kh4 Rh5+ 58. Kg4 Ke7
59. Rd4 Rg5+ 60. Kf4 Kd6 61. Ra4 Rxd5 62. Ra7 Ke6 63. Ra4 Rg5 64. Ra6+ Ke7 65.
h4 Rd5 66. Kg4 Rd6 67. Ra4 Kf6 68. Rf4+ Kg7 69. Ra4 Rd1 70. Ra6 Rg1+ 71. Kf4
Rg2 72. Rb6 Kh7 73. Rb7 Kg8 74. Rb8+ Kg7 75. Rb6 Rg1 76. Ra6 h5 77. Ra7 Rc1 78.
Kg5 Rh1 79. Re7 Rh3 0-1

[Event "Madrid-chT 2223"]
[Site "Madrid"]
[Date "2023.03.19"]
[Round "14.1"]
[White "Candela Perez, Jose"]
[Black "Moreno Trujillo, Alejandro"]
[Result "1-0"]
[WhiteElo "2299"]
[BlackElo "2495"]
[PlyCount "143"]
[EventDate "2022.11.20"]
[EventType "team-tourn"]
[EventRounds "14"]
[EventCountry "ESP"]
[SourceTitle "Ajedrez en Madrid"]
[Source "lmi"]
[SourceDate "2022.11.21"]
[SourceVersion "1"]
[SourceVersionDate "2023.03.23"]
[SourceQuality "1"]
[WhiteTeam "Alcala de Henares"]
[BlackTeam "Villalba 64"]
[WhiteTeamCountry "ESP"]
[BlackTeamCountry "ESP"]

1. d4 Nf6 2. c4 e6 3. Nc3 Bb4 4. Qc2 b6 5. a3 Bxc3+ 6. Qxc3 Bb7 7. Nf3 d6 8. e3
Ne4 9. Qc2 f5 10. Be2 O-O 11. O-O Rf6 12. b4 Rh6 13. g3 Nd7 14. d5 exd5 15. Nd4
Qg5 16. cxd5 Bxd5 17. Bc4 Bxc4 18. Qxc4+ Kh8 19. Qc6 Qd8 20. Nxf5 Re6 21. Bb2
Ndf6 22. Rac1 Rc8 23. Qb7 Qd7 24. f3 Ng5 25. Rfd1 Ree8 26. g4 Rb8 27. Qxc7
Nxf3+ 28. Kf2 Nxg4+ 29. Kg3 Qxc7 30. Rxc7 Nge5 31. Nxd6 Re6 32. Nf7+ Kg8 33.
Nxe5 Nxe5 34. Bxe5 Rxe5 35. Rdd7 Rg5+ 36. Kf4 h6 37. Rxa7 Rf8+ 38. Ke4 Rf2 39.
h4 Rg4+ 40. Kd3 Rf6 41. Rdb7 Re6 42. h5 Kh7 43. Ra6 Rge4 44. Rbxb6 Rxe3+ 45.
Kc2 R6e4 46. Rd6 Rh4 47. Ra5 Rh2+ 48. Rd2 Rhh3 49. Kb2 Rh4 50. Rg2 Re7 51. Kb3
Re3+ 52. Ka4 Rhh3 53. Ra2 Ref3 54. Rc5 Rf8 55. b5 Ra8+ 56. Kb4 Rh4+ 57. Rc4
Rxh5 58. a4 Rb8 59. Rac2 Rg5 60. Rc8 Rb7 61. R2c3 Rb6 62. Ka5 Rf6 63. R3c5 Rg4
64. Rc4 Rg1 65. b6 Rb1 66. R8c6 Rf2 67. Ka6 Rfb2 68. a5 Rb3 69. Kb7 h5 70. a6
Ra3 71. a7 Rba1 72. Rc8 1-0

[Event "Madrid-chT 2223"]
[Site "Madrid"]
[Date "2023.03.19"]
[Round "14.4"]
[White "Adan Bermudez, Sergio"]
[Black "Palenciano Escolar, Adrian"]
[Result "1-0"]
[WhiteElo "2338"]
[BlackElo "2138"]
[PlyCount "63"]
[EventDate "2022.11.20"]
[EventType "team-tourn"]
[EventRounds "14"]
[EventCountry "ESP"]
[SourceTitle "Ajedrez en Madrid"]
[Source "lmi"]
[SourceDate "2022.11.21"]
[SourceVersion "1"]
[SourceVersionDate "2023.03.23"]
[SourceQuality "1"]
[WhiteTeam "Villalba 64"]
[BlackTeam "Alcala de Henares"]
[WhiteTeamCountry "ESP"]
[BlackTeamCountry "ESP"]

1. c4 Nf6 2. Nc3 g6 3. e4 d6 4. d4 Bg7 5. Be2 O-O 6. Be3 e5 7. d5 Na6 8. Nf3
Nc5 9. Nd2 a5 10. a3 c6 11. b4 Na6 12. dxc6 bxc6 13. b5 d5 14. cxd5 cxd5 15.
Nxd5 Nxd5 16. exd5 Nc7 17. Bb6 Qd7 18. Bxc7 Qxc7 19. O-O Bb7 20. Rc1 Qd7 21.
Bc4 Bxd5 22. Nb3 Rfd8 23. Qxd5 Qxd5 24. Bxd5 Rxd5 25. a4 Rd3 26. Nc5 Rd4 27.
Rfd1 Rb4 28. Rb1 Bf8 29. Rxb4 axb4 30. Na6 b3 31. Rb1 Rc8 32. g3 1-0

[Event "Madrid-chT 2223"]
[Site "Madrid"]
[Date "2023.03.19"]
[Round "14.5"]
[White "Yañez Rodriguez, Wilbert"]
[Black "Sanchez Alvares, Kelvin Antonio"]
[Result "1/2-1/2"]
[WhiteElo "2103"]
[BlackElo "2250"]
[PlyCount "80"]
[EventDate "2022.11.20"]
[EventType "team-tourn"]
[EventRounds "14"]
[EventCountry "ESP"]
[SourceTitle "Ajedrez en Madrid"]
[Source "lmi"]
[SourceDate "2022.11.21"]
[SourceVersion "1"]
[SourceVersionDate "2023.03.23"]
[SourceQuality "1"]
[WhiteTeam "Alcala de Henares"]
[BlackTeam "Villalba 64"]
[WhiteTeamCountry "ESP"]
[BlackTeamCountry "ESP"]

1. c4 g6 2. g3 Bg7 3. Bg2 c5 4. Nc3 Nc6 5. Nf3 Nf6 6. O-O O-O 7. a3 d5 8. d3
dxc4 9. dxc4 Be6 10. Be3 Qa5 11. Nd5 Ng4 12. Bd2 Qd8 13. Qb3 Rb8 14. Bf4 Na5
15. Qc2 Rc8 16. Rad1 Bxd5 17. cxd5 Qb6 18. h3 Nf6 19. e4 Nd7 20. e5 Nb3 21.
Rfe1 Rfd8 22. e6 Nd4 23. exf7+ Kxf7 24. Ng5+ Kg8 25. Qe4 Nf6 26. Qxe7 Rd7 27.
Qe3 Nxd5 28. Bxd5+ Rxd5 29. Qe7 Rxg5 30. Bxg5 Nf3+ 31. Kf1 Nxe1 32. Rd7 Qxb2
33. Bh6 Qb5+ 34. Kxe1 Bc3+ 35. Bd2 Qb1+ 36. Ke2 Qb5+ 37. Kd1 Qb3+ 38. Ke2 Qb5+
39. Kd1 Qb1+ 40. Ke2 Qb5+ 1/2-1/2

[Event "Madrid-chT 2223"]
[Site "Madrid"]
[Date "2023.03.19"]
[Round "14.6"]
[White "Rodriguez Sanchez, Juan Carlos"]
[Black "Candela Martin, Alvaro"]
[Result "0-1"]
[WhiteElo "1606"]
[BlackElo "1897"]
[PlyCount "44"]
[EventDate "2022.11.20"]
[EventType "team-tourn"]
[EventRounds "14"]
[EventCountry "ESP"]
[SourceTitle "Ajedrez en Madrid"]
[Source "lmi"]
[SourceDate "2022.11.21"]
[SourceVersion "1"]
[SourceVersionDate "2023.03.23"]
[SourceQuality "1"]
[WhiteTeam "Villalba 64"]
[BlackTeam "Alcala de Henares"]
[WhiteTeamCountry "ESP"]
[BlackTeamCountry "ESP"]

1. d4 d5 2. c4 e6 3. Nc3 c6 4. cxd5 exd5 5. Bf4 Nf6 6. Nf3 Be7 7. e3 Bf5 8. Bd3
Bxd3 9. Qxd3 O-O 10. O-O Nbd7 11. h3 Re8 12. Ne5 Nb6 13. Bg5 Ne4 14. Nxe4 dxe4
15. Qxe4 Bxg5 16. Qf5 Bf6 17. Ng4 Re6 18. Nxf6+ Rxf6 19. Qe5 Qd5 20. Qc7 Rg6
21. g3 Rh6 22. Kh2 Qf5 0-1

[Event "Madrid-chT 2223"]
[Site "Madrid"]
[Date "2023.03.19"]
[Round "14.1"]
[White "Plazuelo Pascual, Juan"]
[Black "Almagro Llamas, Pablo"]
[Result "0-1"]
[WhiteElo "2458"]
[BlackElo "2418"]
[PlyCount "78"]
[EventDate "2022.11.20"]
[EventType "team-tourn"]
[EventRounds "14"]
[EventCountry "ESP"]
[SourceTitle "Ajedrez en Madrid"]
[Source "lmi"]
[SourceDate "2022.11.21"]
[SourceVersion "1"]
[SourceVersionDate "2023.03.23"]
[SourceQuality "1"]
[WhiteTeam "Alcorcon Diagonal"]
[BlackTeam "Virgen de Atocha"]
[WhiteTeamCountry "ESP"]
[BlackTeamCountry "ESP"]

1. e4 c6 2. d4 d5 3. e5 Bf5 4. g4 Bd7 5. Nc3 e6 6. Be3 h5 7. gxh5 Nh6 8. h4 c5
9. dxc5 Nc6 10. f4 Qa5 11. Bd2 Qxc5 12. Nf3 a6 13. a3 Nf5 14. Bd3 Rxh5 15. Bxf5
exf5 16. Ne2 d4 17. Rh3 Be6 18. Ng5 Bd5 19. Kf1 Rh8 20. Bb4 Qb6 21. b3 O-O-O
22. Bxf8 Rhxf8 23. Qd3 Kb8 24. Ng3 f6 25. exf6 gxf6 26. Nf3 Qc7 27. Kf2 Qxf4
28. Ne2 Qd6 29. Nfxd4 Rg8 30. Rg3 Be4 31. Nxc6+ Qxc6 32. Qc3 Qd6 33. Qe3 Ka8
34. Re1 Rge8 35. Qf4 Qc5+ 36. Qe3 Qxa3 37. Qb6 Bc6 38. Re3 Qd6 39. Rxe8 Rxe8
0-1

[Event "Madrid-chT 2223"]
[Site "Madrid"]
[Date "2023.03.19"]
[Round "14.2"]
[White "Fernandez de Bobadilla, Gabriel"]
[Black "Ortega Ruiz, Jose Miguel"]
[Result "0-1"]
[WhiteElo "2129"]
[BlackElo "2354"]
[PlyCount "72"]
[EventDate "2022.11.20"]
[EventType "team-tourn"]
[EventRounds "14"]
[EventCountry "ESP"]
[SourceTitle "Ajedrez en Madrid"]
[Source "lmi"]
[SourceDate "2022.11.21"]
[SourceVersion "1"]
[SourceVersionDate "2023.03.23"]
[SourceQuality "1"]
[WhiteTeam "Virgen de Atocha"]
[BlackTeam "Alcorcon Diagonal"]
[WhiteTeamCountry "ESP"]
[BlackTeamCountry "ESP"]

1. d4 Nf6 2. c4 g6 3. Nc3 Bg7 4. e4 d6 5. Nf3 O-O 6. h3 e5 7. dxe5 dxe5 8. Qxd8
Rxd8 9. Bg5 c6 10. Rd1 Re8 11. Be2 Na6 12. Be3 Bf8 13. a3 Nc5 14. Nd2 a5 15.
O-O Be6 16. Rb1 a4 17. Rfc1 Rec8 18. Kh2 Nfd7 19. g3 f5 20. f3 f4 21. Bf2 fxg3+
22. Bxg3 Bh6 23. Rc2 Rf8 24. Nf1 Nb3 25. Bd1 Bxc4 26. Rf2 Ndc5 27. Bxb3 Nxb3
28. Kg2 Nc5 29. Nd2 Be6 30. Re2 Rad8 31. Nf1 Bc4 32. Bxe5 Bxe2 33. Nxe2 Rd3 34.
Ng1 Rfd8 35. Re1 Rd1 36. Re2 Nd3 0-1

[Event "Madrid-chT 2223"]
[Site "Madrid"]
[Date "2023.03.19"]
[Round "14.3"]
[White "Neagu, Roberto Florin"]
[Black "Horcajada Reales, Guillermo"]
[Result "1/2-1/2"]
[WhiteElo "2314"]
[BlackElo "2109"]
[PlyCount "117"]
[EventDate "2022.11.20"]
[EventType "team-tourn"]
[EventRounds "14"]
[EventCountry "ESP"]
[SourceTitle "Ajedrez en Madrid"]
[Source "lmi"]
[SourceDate "2022.11.21"]
[SourceVersion "1"]
[SourceVersionDate "2023.03.23"]
[SourceQuality "1"]
[WhiteTeam "Alcorcon Diagonal"]
[BlackTeam "Virgen de Atocha"]
[WhiteTeamCountry "ESP"]
[BlackTeamCountry "ESP"]

1. Nf3 Nf6 2. g3 g6 3. Bg2 Bg7 4. O-O O-O 5. d4 d6 6. c4 a6 7. Nc3 Nc6 8. b3
Rb8 9. Bb2 b5 10. cxb5 axb5 11. d5 Na5 12. a3 c5 13. dxc6 Nxc6 14. b4 Bg4 15.
Nd4 Nxd4 16. Qxd4 Qd7 17. Rfc1 Rfc8 18. Nd5 e5 19. Qd2 Nxd5 20. Bxd5 h5 21.
Rxc8+ Rxc8 22. Rc1 Rxc1+ 23. Bxc1 Qc7 24. Bb2 Bh3 25. e4 Kh7 26. Qc1 Qd7 27.
Qc3 Bh6 28. Bc6 Qg4 29. f3 Qc8 30. Kf2 Qc7 31. Ke2 Qb6 32. Bc1 Qg1 33. Bxh6
Qxh2+ 34. Kd1 Kxh6 35. Qd2+ Qxd2+ 36. Kxd2 Bf1 37. Ke1 Bc4 38. a4 bxa4 39. Bxa4
d5 40. Bc6 dxe4 41. fxe4 Kg5 42. Bd7 h4 43. gxh4+ Kxh4 44. Kd2 Ba6 45. Be8 f5
46. Bxg6 f4 47. Be8 Kg3 48. b5 Bc8 49. b6 f3 50. Bb5 f2 51. Kc3 Bb7 52. Kd2
Bxe4 53. Ke3 Bb7 54. Bf1 Bc6 55. Ke2 Bb5+ 56. Ke3 Bxf1 57. b7 Bg2 58. b8=Q f1=Q
59. Qxe5+ 1/2-1/2